000 01079nam a2200265 4500
001 178755
003 ES-MaACL
005 20250911062850.0
008 110616s2009 sp |||| | spa d
020 _a978-84-9895-730-3
080 _a821.134.2-14"19"
100 1 _aAlas, Leopoldo,
_d1962-2008
_9147220
245 1 0 _aConcierto del desorden
_b: poesía reunida (1981-2008) /
_cLeopoldo Alas ; introducción y selección de José Infante.
260 _aMadrid :
_bVisor Libros,
_c[2009]
300 _a279 p. ;
_c20 cm.
490 1 _aColección Visor de poesía ;
_v730
504 _aBibliografía: p.33-34.
505 8 _aContiene: ;
_tLos palcos ;
_tLa condición y el tiempo ;
_tLa posesión del miedo ;
_tEl triunfo del vacío ;
_tConcierto del desorden (2007) ; Poemas inéditos : (1981-2008)
700 1 _aInfante, José,
_d1946-
_965257
830 0 _aColección Visor de poesía
_v730
_9177331
852 _aES-MaACL
_jA-11283
_9185615
_bR.145632
_cDEPO1
_dOlim: N-4287
942 _2udc
_cMONOGRAFIA
999 _c178755
_d178755